000 00225nam a22000857a 4500
008 161124b xxu||||| |||| 00| 0 eng d
100 _91361
_aTewari. T
245 _aSona`s Adventures
260 _aNew delhi
_bNational book trust
_c2006
999 _c4074
_d4074